000
00319nam a2200133Ia 4500
008
221030s9999 xx 000 0 und d
041
_a
English
082
_a
105.23
100
_a
B. S. Raghuwanshi
245
2
_a
A Course in Workshop TechnologyVol.1
_c
by B. S. Raghuwanshi
260
_c
0
650
_a
B
942
_c
BK
999
_c
11071
_d
11071